El desprecio cero

Saved in:
書目詳細資料
主要作者: Sérieyx, Hervé (Author)
格式: 圖書
語言:西班牙语
出版: Madrid McGraw-Hill 1991
主題:
標簽: 添加標簽
沒有標簽, 成為第一個標記此記錄!

MARC

LEADER 00000nam a2200000 a 4500
001 UCX4413
003 CL-VaPUC
008 920511e19910000SP |||||||||||||||||spa|d
082 0 4 |a 658.56  |b SER  |2 21 
100 0 |a Sérieyx, Hervé  |e author  |9 320581 
245 1 3 |a El desprecio cero 
300 |a 154 p 
942 |c BK 
945 |d 19920511 00:00:00 
260 |a Madrid  |b McGraw-Hill  |c 1991 
650 0 |a Control de calidad   |9 259714 
650 0 |a Calidad  |9 320582 
583 |a last modification  |c 19920511 00:00:00  |k Rodrigo Vera 
999 |c 224873  |d 224871 
952 |0 0  |1 0  |4 0  |6 658_560000000000000_SER_1991  |7 0  |8 A  |9 221888  |a BIBENE  |b BIBENE  |d 2019-11-15  |i 2907712  |o 658.56 SER 1991  |p 2907712  |r 2025-01-15  |w 2019-11-15  |y BK  |k ICO